Popes' Names A-Z - Statistics

General Stats
  • This quiz has been taken 244 times
  • The average score is 13 of 20
Answer Stats
Names of Popes % Correct
P Peter, Pius, Pontian, Pelagius, Paul, Paschal
97%
J Julius, John, John Paul
93%
F Fabian, Felix, Formosus, Francis
87%
B Boniface, Benedict
86%
L Linus, Lucius, Liberius, Leo, (Laurence), Lando
83%
U Urban, (Ursinus)
78%
S Sixtus, Soter, Stephen, Sylvester, Siricius, Simplicius, Symmachus, Silverius, Sabinian, Severinus, Sergius, Sisinnius
75%
I Innocent
73%
A Anacletus, Alexander, Anicetus, Anterus, Anastasius, Agapetus, Adeodatus, Agatho, Adrian, (Adalbert)
71%
G Gelasius, Gregory
71%
C Clement, Callixtus, Cornelius, Caius, Celestine, Conon, Constantine, (Christopher)
65%
M Marcellinus, Marcellus, Miltiades, Mark, Martin, Marinus
65%
V Victor, Vigilius, Vitalian, Valentine
61%
Z Zephyrinus, Zosimus, Zachary
49%
N (Natalius, Novatian), Nicholas
47%
H Hyginus, (Hippolytus), Hilary, Hormisdas, Honorius
44%
E Evaristus, Eleutherius, Eutychian, Eusebius, (Eulalius), Eugene
41%
T Telesphorus, Theodore, (Theodoric)
37%
D Dionysus, Damasus, (Dioscore), Donus
35%
R Romanus
22%
No matching quizzes found
Score Distribution
Percent of People with Each Score
Percentile by Number Answered
Your Score History
You have not taken this quiz